| 000 | 01176nam2a22002651 4500 | ||
|---|---|---|---|
| 001 | v19\rc\1488545 | ||
| 005 | 20250618154817.0 | ||
| 035 | _a(NLR Aleph) 004618796 | ||
| 090 |
_a3012749 _c3012749 |
||
| 100 | _a20060620d1903 |||y0rusy50 ca | ||
| 101 | 0 | _arus | |
| 102 | _aRU | ||
| 105 | _aa z ||||| | ||
| 200 | 0 |
_aв 1902 году _fСост. земским врачом К.В. Товстицким |
|
| 210 |
_d1903 _aБ. м. |
||
| 215 | _a109 с., 3 л. табл. | ||
| 461 | 0 |
_1001v19\rc\1488528 _12001#$aМедицинский отчет Миргородской уездной земской управы...$vв 1902 году _93012533 _aМиргородская уездная земская управа _cМиргород _d1880-1913 _tМедицинский отчет Миргородской уездной земской управы... _vв 1902 году |
|
| 702 | 1 |
_aТовстицкий _bК.В. _f1858- _gКонстантин Владимирович _4220 |
|
| 801 | 0 |
_aRU _bNLR _gpsbo |
|
| 801 | 0 |
_aRU _bRuMoRGB _2psbo |
|
| 801 | 1 |
_aRU _bProSoft-M _2rusmarc |
|
| 852 |
_aNLR _bЗем _j31-10/02 |
||
| 899 |
_aRuMoRGB (1879-1912*) _jM 2/111 |
||
| 942 | _cBOOK | ||
| 980 | _aNB | ||